El Bibliobús Montau es fa amic dels dracs : quadern per a les escoles : programa de foment de la lectura al bibliobús / il·lustració: Montse Baqués quadern per a les escoles :
Descripción Física:
16 p. ; 30 cm
Otros Autores:
Baqués, Montse
MARC
| LEADER | 00000nam a2200000Ia 4500 | ||
|---|---|---|---|
| 001 | 20753 | ||
| 003 | BGR | ||
| 005 | 20260324175717.0 | ||
| 008 | 160829s2008 xx 000 0 cat d | ||
| 080 | |a FU-13-60 | ||
| 245 | |a El Bibliobús Montau es fa amic dels dracs : |b quadern per a les escoles : |b programa de foment de la lectura al bibliobús / il·lustració: |b Montse Baqués | ||
| 260 | |a Barcelona : |b Diputació de Barcelona. Àrea de Cultura. Servei de Coordinació, |c 2008 | ||
| 300 | |a 16 p. ; |c 30 cm | ||
| 590 | |a A la coberta: Tardor 2008 | ||
| 610 | 2 | 0 | |a Bibliobús Montau |9 52879 |
| 650 | 0 | |a Bibliobusos |9 30563 |z Barcelona (Catalunya : Província) | |
| 650 | |a Lectura |x Animació |9 38731 | ||
| 700 | 1 | |a Baqués, Montse |9 38734 | |
| 710 | 1 | |a Barcelona (Catalunya : Província). |b Diputació |b Servei de Coordinació |9 52408 | |
| 901 | |a Arxiu | ||
| 942 | |n 1 |2 udc |c MON | ||
| 952 | |0 0 |1 0 |4 0 |6 FU1360 |7 1 |9 48564 |a Arxiu |b Arxiu |d 2016-12-01 |l 0 |o FU-13-60 |p 20753 |r 2016-12-01 00:00:00 |w 2016-12-01 |y ARXIU | ||
| 999 | |c 52394 |d 52394 | ||